Normal view MARC view

Entry Personal Name

Number of records used in: 1

001 - CONTROL NUMBER

  • control field: 28905

003 - CONTROL NUMBER IDENTIFIER

  • control field: OSt

005 - DATE AND TIME OF LATEST TRANSACTION

  • control field: 20230809102121.0

008 - FIXED-LENGTH DATA ELEMENTS

  • fixed length control field: 230809|| aca||aabn | a|a d

040 ## - CATALOGING SOURCE

  • Original cataloging agency: OSt
  • Transcribing agency: OSt

100 ## - HEADING--PERSONAL NAME

  • Personal name: ပၢၼ်းသႅင်း(ဝၢၼ်ႈၸိင်း - မိူင်းၼွင်)၊
  • Titles and other words associated with a name: ၶူးမေႃလိၵ်ႈ၊ သြႃႇ။

670 ## - SOURCE DATA FOUND

  • Source citation: Work cat.: (OSt)26446: ပၢၼ်းသႅင်း(ဝၢၼ်ႈၸိင်း - မိူင်းၼွင်)၊ ၶူးမေႃလိၵ်ႈ၊ သြႃႇ။, ၸိင်ႇတႃႇမၼိၵႃႇထႃႇ လႄႈ ပရိပိတ်တၸႃႇလသုတ်ႈ သွင်ပပ်ႉႁူမ်ႈၵၼ် ဢွင်ႇၶျၢမ်းသႃႇရတၼႃႇၸု /, 1996။

Library - 09407999929
Admin Office - 09407999979
Dean Office - 09250910768
Registrar Office - 09892297154
Email - [email protected]
Shan State Buddhist University, Phaya Phyu Taunggyi, Shan State, Myanmar.